| 000 | 01051nam0a22002651 4500 | ||
|---|---|---|---|
| 001 | rc\55349 | ||
| 005 | 20021216125528.5 | ||
| 010 |
_a5-7433-0208-1 _9200 |
||
| 035 | _a(NLR Aleph) 005332782 | ||
| 090 |
_a6609581 _c6609581 |
||
| 100 | _a20021216d1996 u |0rusy50 ca | ||
| 101 | 0 | _arus | |
| 102 | _aRU | ||
| 105 | _ay ||||||||| | ||
| 200 | 1 |
_aАнглийский язык _eУчеб. пособие по обучению чтению _eДля студентов 1-го курса всех специальностей _fЭ.Я. Иванов, Л.Г. Стрелкова, М.И. Лопухова _gСарат. гос. техн. ун-т |
|
| 210 |
_aСаратов _cСГТУ _d1996 |
||
| 215 |
_a90, [1] с. _d20 |
||
| 700 | 1 |
_aИванов _bЭ. Я. _gЭдуард Яковлевич |
|
| 701 | 1 |
_aСтрелкова _bЛ. Г. _gЛюдмила Григорьевна |
|
| 701 | 1 |
_aЛопухова _bМ. И. _gМарина Ивановна |
|
| 801 | 0 |
_aRU _bNLR _gpsbo |
|
| 801 | 1 |
_aRU _bELAR _2rusmarc |
|
| 852 |
_aNLR _j96-4/20092 |
||
| 942 | _cBOOK | ||
| 980 | _aNB | ||